000 00261nam a2200109Ia 4500
008 190216s9999||||xx |||||||||||||| ||und||
100 _aClive De Paula F
245 0 _aManagement Accounting In Practice
260 _bMacmillan
_c1969
300 _a213p
942 _cBK
999 _c4628
_d4628